000 00772nam a2200253 i 4500
001 C2-0275396
003 PPAK
005 20180728004215.0
008 061017s2005 orua|||| ||||| | eng d
020 _a0881926728
040 _aPPAK
_beng
_cPPAK
_erda
082 0 4 _a712.0922797
_223
090 0 0 _a712.0922797
_bLIT
_dRLCK
100 1 _aLittle, George,
_eauthor
245 1 2 _aA garden gallery :
_bthe plants, art and hardscape of Little and Lewis
264 1 _aPortland :
_bTimber Press ,
_c2005
300 _a175 pages :
_bcolour illustrations ;
_c27 cm
336 _2rdacontent
_atext
337 _2rdamedia
_aunmediated
338 _2rdacarrier
_avolume
650 1 0 _aLandscape architects - Washington (State) - Biography
700 _eauthor
942 _ddc
_cB
999 _c83079
_d83079